Top 20 Most Expensive Nintendo (NES) Games - Statistics

General Stats
  • This quiz has been taken 97 times
    57 since last reset
  • The average score is 9 of 20
Answer Stats
No. List Price Publisher Year Hint Answer % Correct
18 $200 Taito 1992 Another game based on a Hanna Barbera property, this one is set in the distant future. The Jetsons: Cogswell's Caper
76%
7 $361 Taito 1993 The second installment in the arcade favourite about two adorable little dragons. Bubble Bobble Part 2
73%
19 $195 Capcom 1993 The sequel to the wildly popular game based on Duckburg's most wealthy resident. Duck Tales 2
73%
5 $602 Hudson Soft 1994 Platformer game about a little bald caveman, also released for the Amiga. Bonk's Adventure
70%
16 $218 Capcom 1994 The second NES game featuring these Disney chipmunks. Chip N' Dale Rescue Rangers 2
68%
1 $9550 Bandai 1987 Nintendo re-released this track and field game with Mario Bros. and Duck Hunt. Don't forget the power pad. Family Fun Fitness Stadium Events
65%
2 $1416 Taito 1992 Platformer game named after a Biblical character who was empowered by his long hair. Little Samson
62%
17 $212 Capcom 1991 A game similar to #7, this time featuring two snowmen as the titular characters. Snow Brothers
59%
3 $1031 Taito 1994 This is the second game for the NES based on the pre-historic Hanna Barbera cartoon. The Flintstones: Surprise at Dinosaur Peak
57%
4 $650 Taito 1994 A determined chef must navigate his cursed restaurant. Panic Restaurant
51%
20 $164 Tecmo 1993 Actually a sequel to Solomon's Key, but released under an entirely different name that might make you think of George R.R. Martin's literary series. Fire 'N' Ice
43%
13 $265 Capcom 1993 The lone NES version of this arcade beat 'em up series starring Mike Haggar and Cody. Mighty Final Fight
41%
15 $223 Atlus 1992 A game based on the popular Hanna Barbera crossover sporting event. Wacky Races
38%
10 $305 Kemco 1993 Balloons are your primary weapon and tool in this game about a circus performer on a rescue mission. Kid Klown in Night Mayor World
35%
8 $355 Meldac 1991 A shoot 'em up game that mixes ancient Japanese warriors and the walking dead. Zombie Nation
35%
6 $509 Taito 1992 A sequel game about an Arnold-Schwarzenegger-lookalike busting up cyborgs in the year 2200. Power Blade 2
30%
12 $294 ASCII 1991 A space shooter that tried to tap into the popularity of games like Super C, Galaga, and Gradius. Gun-Nac
22%
9 $348 Romstar 1992 Play as Sherriff Sam and Little Chief in this top-down Zelda-style adventure game set in the Wild West. Cowboy Kid
14%
11 $300 SOFEL 1992 Play as a sword-swinging warrior or shapeshift into a mythical beast to save the land. Dragon Fighter
14%
14 $225 Activision 1992 Assume the role of a knight who has been summoned to fend off an evil wizard and his conjured demon. Sword Master
14%
No matching quizzes found
Score Distribution
Percent of People with Each Score
Percentile by Number Answered
Your Score History
You have not taken this quiz since the last reset